000 00449nam a2200181Ia 4500
008 240925s9999 xx 000 0 und d
020 _aNA
082 _a624.171 GER
100 _aGeristle ,Kurt H.
245 0 _aBasic Structural Design
250 _aNA
260 _aNew York:
_bMcGraw-Hill
_c,1967.
300 _axvi,634p.
_bNA
_fOriginal
500 _aIncludes Index
600 _aEngineering Technology
650 _aTechnology
942 _cBK
999 _c3771
_d3771